| 000 | 00848nam a2200229Ii 4500 | ||
|---|---|---|---|
| 003 | JO-AjNU | ||
| 008 | 230605s9999||||xx |||||||||||||| ||und|| | ||
| 017 | _a991/10/538 | ||
| 040 |
_aJO-AjNU _bara _erda _cJO-AjNU |
||
| 041 | _aara | ||
| 050 | 1 | 4 | _aBP187.6.D3388 1991 |
| 100 | 3 |
_aالدغمي، محمد ركان ، الهندي، ذياب , _eauthor _957677 |
|
| 245 | 0 | 0 | _aالاوقاف والمساجد: تطور التعليم الديني الاسلامي |
| 250 | _aط1 | ||
| 264 | 3 | 1 | _aعمان: الجمعية العلمية الملكية، 1991 |
| 300 | _a144ص | ||
| 336 |
_atext _btxt _2rdacontent |
||
| 337 |
_aunmediated _bn _2rdamedia |
||
| 338 |
_avolume _bnc _2rdacarrier |
||
| 490 | 0 | _aسلسلة البحوث والدراسات المتخصصة | |
| 650 | 4 |
_aالاردن-تاريخ /الاسلام-تاريخ _957678 |
|
| 999 |
_aA25861 _c29429 _d29429 |
||